| 000 | 00930cam a2200181 4500 | ||
|---|---|---|---|
| 001 | L129773 | ||
| 008 | 050518n2006 000 0 eng u | ||
| 035 | _a(Sirsi) u129773 | ||
| 041 | _aeng | ||
| 110 |
_aNational Association of Estate Agents _9886 |
||
| 245 | _aNational Association of Estate Agents | ||
| 260 | _c2006 | ||
| 520 | _aThe National Association of Estate Agents (NAEA) is the largest professional estate agency organisation in the UK representing nearly 10 000 members. The NAEA website offers property search, renting and letting facilities, a find an agent service and a wide range of information and advice pages on property matters. Summarises the NAEA monthly housing market report as a news release. | ||
| 590 | _aIKA190505 | ||
| 690 | _aPROPERTY-RESIDENTIAL PROPERTY-RESIDENTIAL PROPERTY MARKET | ||
| 856 | 4 | 0 |
_uhttps://www.naea.co.uk/ _zView the website free of charge at www.naea.co.uk... |
| 942 | _n0 | ||
| 999 |
_c120455 _d120455 |
||